| 000 | 00543nam a2200193Ia 4500 | ||
|---|---|---|---|
| 005 | 20250508160637.0 | ||
| 008 | 008 250505s9999 xx 000 0 eng d | ||
| 037 | _aTextual | ||
| 040 |
_aFEDL _beng _cFEDL |
||
| 041 |
_aeng _2eng |
||
| 084 |
_a371.5, WEA _qFEDL |
||
| 100 |
_aWeaver Gary R Ed. _9313519 |
||
| 245 | 0 | _aUniversity and revolution | |
| 260 |
_aEnglewood Cliffs _bPrentice-Hall _c1969 |
||
| 300 | _axii,179p | ||
| 700 |
_a Weaver James H Ed. _9769008 |
||
| 942 |
_cTEXL _h371.5, WEA |
||
| 999 |
_c1365797 _d1365797 |
||